[Event "Gent (Women) op"]
[Site "Gent"]
[Date "2024.01.04"]
[Round "3"]
[White "Van Den Abeele, Veerle"]
[Black "Pham Kieu, Khanh"]
[Result "0-1"]
[WhiteElo "1387"]
[BlackElo "1291"]
[PlyCount "132"]
[EventDate "2024.01.03"]
[EventType "swiss"]
[EventRounds "7"]
[EventCountry "BEL"]
[SourceTitle "CBM 218 Extra"]
[Source "ChessBase"]
[SourceDate "2024.03.31"]
[SourceVersion "1"]
[SourceVersionDate "2024.03.31"]
[SourceQuality "1"]

1. e4 c5 2. Nf3 Nc6 3. d4 cxd4 4. Nxd4 g6 5. Nxc6 bxc6 6. Bd2 Bg7 7. Bc3 Nf6 8. Bd3 0-0 9. 0-0 Qc7 10. Nd2 d5 11. exd5 cxd5 12. Nf3 Bb7 13. Re1 Rfe8 14. Be5 Qb6 15. h3 Rad8 16. Bd4 Qc6 17. a4 a6 18. b4 Ne4 19. Bxg7 Kxg7 20. b5 Qb6 21. Re3 Nc3 22. Qe1 axb5 23. a5 Qc6 24. Rxe7 Rxe7 25. Qxe7 Re8 26. Qb4 Ne2+ 27. Bxe2 Rxe2 28. Nd4 Qf6 29. Nxe2 Qxa1+ 30. Kh2 Qe5+ 31. Ng3 d4 32. Qd2 Qd5 33. f3 Qe5 34. Qf2 Qe3 35. Qe2 Ba6 36. Qd1 Qf4 37. Qe1 h5 38. Kh1 Qe3 39. Qg1 f5 40. Qd1 b4 41. Nf1 Qc3 42. Nd2 d3 43. cxd3 Qxd3 44. Qa1+ Qc3 45. Qd1 Qd3 46. h4 b3 47. Qe1 Kf7 48. Qc1 Qc2 49. Nxb3 Qxb3 50. Qc7+ Kf6 51. Qd8+ Kg7 52. Qd4+ Kf7 53. Qa7+ Qb7 54. Qxb7+ Bxb7 55. Kh2 Kf6 56. Kg3 Ke5 57. Kf2 Kd4 58. Kg3 Ke3 59. Kh2 Kf4 60. Kh3 Ba6 61. Kh2 Ke3 62. Kg3 f4+ 63. Kh2 Kf2 64. Kh1 Kg3 65. Kg1 Kxh4 66. Kf2 Bb7 0-1